000 01894nam a22002897a 4500
003 AR-RoUNCS
005 20260414162149.0
007 ta
008 241213s1999 ag a||||r|||| 00| j spa d
020 _a9509115326
040 _cAR-RoUNCS
_bspa
_dAR-RoUNCS
041 _aspa
100 _aRoldan, Gustavo
_eautor
245 1 0 _aCuentos que cuentan los indios /
_cGustavo Roldán ; ilustraciones: Luis Scafati.
250 _a1a ed.
260 _aBuenos Aires :
_bAlfaguara,
_c1999.
300 _a129 p. :
_bil. byn ;
_c20 cm.
490 _aAlfaguara Juvenil
505 0 _aLO QUE CUENTAN LOS TOBAS:
_gEsa inmensa oscuridad -- El tigre del cielo y el tigre del monte -- El origen del fuego -- El gran fuego -- El Arco Iris --Las estrellas blancas -- La Serpiente Arco Iris y las mujeres -- Dulce fue mi sueño -- Los monos -- La bruja caníbal -- Cuando llegue una paloma blanca.-
505 0 _aLO QUE CUENTAN LOS MATACOS:
_gEl origen del mundo -- Aventura de Tokwaj -- El robo del fuego -- Historia del Guayacán -- El zorro y la tigra -- Los socios sembradores. -- Cuando el tigre lo tragó al mono.-
505 0 _aLO QUE CUENTAN LOS GUARANÍES:
_gEl origen del fuego -- Tupá y Añá -- La risa y el canto -- El mono y el yaguareté -- El tigre y el tapir -- El yaguareté y el gato onza -- El grillo y el tigre -- El mono y el espantapájaros -- El mono, el hombre y el zorro -- El mono y la viejita.-
520 _aPresenta la cultura de tres importantes grupos étnicos de nuestro país: los tobas, los matacos y los guaraníes. Son cuentos que hablan de la creación y de los mitos, en un tiempo remoto en el que los animales hablaban con los hombres y los dioses participaban en asuntos de la tierra. Un libro ágil, sabio, mágico y atrapante.
650 _2embne
_aLiteratura
_zArgentina
655 _aFábulas
700 _aScafati, Luis,
_d1947-
_eil.
942 _2udc
_cOG
_n0
999 _c406
_d406